01042nam a2200277 a 4500001001200000003000800012006001900020007001500039008004100054020001800095020001800113020001500131040002100146035002100167050002900188100002600217245007400243260005900317300001400376533015200390650003300542655002900575710001700604856012600621999001700747ebr10333790CaPaEBRm u cr cn|||||||||091208s2009 cm s 000 0 eng d z9789956558780 z9789956615117 z9956558788 aCaPaEBRcCaPaEBR a(OCoLC)64683581214aPR9372.9.M38bS53 2009eb1 aMbunda, Frida Menkan.10aShadows from the abyssh[electronic resource] /cFrida Menkan Mbunda. aMankon, Bamenda :bLangaa Research & Pub. CIG,cc2009. aix, 38 p. aElectronic reproduction.bPalo Alto, Calif. :cebrary,d2013.nAvailable via World Wide Web.nAccess may be limited to ebrary affiliated libraries. 0aCameroonian poetry (English) 7aElectronic books.2local2 aebrary, Inc.40uhttp://site.ebrary.com/lib/rucke/Doc?id=10333790zAn electronic book accessible through the World Wide Web; click to view c66464d66464